Catalog

Record Details

Catalog Search



Farsalské pole ; Chvalozpěv na Pisona / Lucanus ; [z latinských originálů přeložila a poznámkami, seznamem vlastních jmen a úvodem opatřila Jana Nechutová]

Lucanus, Marcus Annaeus, (Author). Nechutová, Jana, 1936- (Translator, Author of introduction, etc.). Mertlík, Rudolf, 1913-1985 (Editor).

Summary:

Překlad jediného zachovaného díla mladého římského básníka, synovce filosofa Seneky.

Record details

  • Physical Description: 371 s.
  • Edition: Vyd. 1.
  • Publisher: Praha : Svoboda, 1976

Content descriptions

General Note:
Poznámky
Seznam vlastních jmen
Subject: epos
antické literatury

LDR 03600cam a22010457a 4500
00128972
003CZ-PrJAB
00520200419125736.0
007ta
008020328s1976 xr |||||r|||||||| ||cze|d
015 . ‡acnb000132797
035 . ‡a(CZ PrSKC)000076666
035 . ‡a(OCoLC)42098917
040 . ‡aABD027 ‡bcze ‡cABD027 ‡dABD027 ‡dABD107 ‡dABD064 ‡91
0411 . ‡acze ‡hlat
080 . ‡a821(37/38) ‡2MRF
1001 . ‡aLucanus, Marcus Annaeus, ‡d39-65 ‡7jn19990005207 ‡4aut
24510. ‡aFarsalské pole ; ‡bChvalozpěv na Pisona / ‡cLucanus ; [z latinských originálů přeložila a poznámkami, seznamem vlastních jmen a úvodem opatřila Jana Nechutová]
24613. ‡aBellum civile
24613. ‡aLaus Pisonis
250 . ‡aVyd. 1.
260 . ‡aPraha : ‡bSvoboda, ‡c1976
300 . ‡a371 s.
4901 . ‡aAntická knihovna ; ‡v33
500 . ‡aPoznámky
500 . ‡aSeznam vlastních jmen
520 . ‡aPřeklad jediného zachovaného díla mladého římského básníka, synovce filosofa Seneky.
65007. ‡aepos ‡7ph116057 ‡2czenas
65007. ‡aantické literatury ‡7ph118489 ‡2czenas
7001 . ‡aNechutová, Jana, ‡d1936- ‡7jk01082919 ‡4trl ‡4aui
7001 . ‡aMertlík, Rudolf, ‡d1913-1985 ‡7jk01081315 ‡4edt
74002. ‡aChvalozpěv na Pisona
830 0. ‡aAntická knihovna
910 . ‡aABE461 ‡bK 1929
905 . ‡aABG450
901 . ‡a28972 ‡bCZ PrSKC ‡c28972 ‡tbiblio ‡sSystem Local

Additional Resources